| 000 | 00000nas##2200000za#4500 |
| 001 | 9.507611 |
| 003 | CaOODSP |
| 005 | 20210201085200 |
| 007 | cr ||||||||||| |
| 008 | 150406c2004||||xxc|| p o||||f| |0eng|d |
| 040 | |aCaOODSP|beng |
| 043 | |an-cn--- |
| 086 | 1 |aBC9-13E-PDF |
| 110 | 2 |aCanadian Radio-television and Telecommunications Commission. |
| 245 | 10|aReport to the Governor in Council : |h[electronic resource]|bstatus of competition in Canadian telecommunications markets, deployment/accessibility of advanced telecommunications infrastructure and services |
| 246 | 1 |aReport to the Governor in Council. Status of competition in Canadian telecommunications markets, deployment/accessibility of advanced telecommunications infrastructure and services |
| 260 | |aOttawa - Ontario : |bCanadian Radio-television and Telecommunications Commission |
| 310 | |aAnnual |
| 362 | 1 |a2001-2005 |
| 690 | 07|aTelecommunications|2gcpds |
| 775 | 08|tRapport à la gouverneure en conseil : |w(CaOODSP)9.503995 |
| 785 | 00|tCRTC telecommunications monitoring report : |w(CaOODSP)9.507608 |